ბათუმის შოთა რუსთაველის სახელმწიფო უნივერსიტეტის ბიბლიოთეკა

ჰენრი ფორდი = Ford : (ბიბ.ჩანაწერი № 55052)

000 -ლიდერი
ფიქსირებული სიგრძის საკონტროლო ველი 01583nam a2200289Ia 4500
001 - საკონტროლო ნომერი
საკონტროლო ველი 22127
003 - საკონტროლო ნომრის იდენტიფიკატორი
საკონტროლო ველი GE_BSU
005 - ბოლო ოპერაციის თარიღი და დრო
საკონტროლო ველი 20221114105327.0
008 - ფიქსირებული სიგრძის მონაცემთა ელემენტები - ზოგადი ინფორმაცია
ფიქსირებული სიგრძის საკონტროლო ველი 181216s ||||ge |||||||||||||| ||geo||
020 ## - წიგნის საერთაშორისო სტანდარტული ნომერი
International Standard Book Number 9789941213120
040 ## - კატალოგიზაციის წყარო
Transcribing agency GE_BSU
041 ## - ენის კოდი
Language code of text/sound track or separate title geo
080 ## - უნივერსალური ათობითი კლასიფიკაციის ინდექსი
Universal Decimal Classification number 629.113(73):338.22(73) ჰ-48
245 ## - ცნობა სათაურის შესახებ
Title ჰენრი ფორდი = Ford :
Remainder of title [საავტომობილო კომპანიის დამფუძნებელი] ბიზნესის გენია ტ.4 /
Statement of responsibility, etc შემდგ. ირმა ხარშილაძე ; მთ. რედ. ნინო დეკანოსიძე].
264 ## - წარმოების, გამოცემის, დისტრიბუციის და სხვა ცნობები
გამოცემის, წარმოების, დისტრიბუციის... ადგილი თბილისი :
გამოცემის, წარმოების, დისტრიბუციის... სახელწოდება პალიტრა L,
გამოცემის, წარმოების, დისტრიბუციის... თარიღი 2013.
300 ## - ფიზიკური აღწერა
Extent 92 გვ. :
Other physical details ფოტ. ;
Dimensions 20 სმ.
490 ## - სერიის ცნობა
Series statement ბიზნესის გენია 2298-0989 ტ. 4
501 ## - შენიშვნა თანმხლებ მასალაზე
With note გამოყენებული ფოტომასალა გვ. : 90-91
653 ## - INDEX TERM--UNCONTROLLED
Uncontrolled term ამერიკელი ბიზნესმენები
653 ## - INDEX TERM--UNCONTROLLED
Uncontrolled term ეკონომიკა
653 ## - INDEX TERM--UNCONTROLLED
Uncontrolled term ტრანსპორტი
653 ## - INDEX TERM--UNCONTROLLED
Uncontrolled term ჰენრი ფორდი = Ford : [საავტომობილო კომპანიის დამფუძნებელი] ბიზნესის გენია ტ.4
700 ## - ADDED ENTRY--PERSONAL NAME
Personal name ხარშილაძე, ირმა
Relator term შემდგენელი
9 (RLIN) 1324
710 ## - ADDED ENTRY--CORPORATE NAME
Corporate name or jurisdiction name as entry element დეკანოსიძე, ნინო
Subordinate unit მთავარი რედაქტორი
9 (RLIN) 15792
942 ## - ADDED ENTRY ELEMENTS (KOHA)
Koha item type წიგნი
Source of classification or shelving scheme
ეგზემპლარები
ჩამოწერის სტატუსი დაკარგული ეგზემპლარის სტატუსი კლასიფიკაციის წყარო ან თაროზე გაწყობის სქემა დაზიანების სტატუსი არ გაიცემა მუდმივი მდებარეობა (დაცვის ადგილი) ამჟამინდელი ადგილსამყოფელი თაროზე განთავსების ადგილი შეძენის თარიღი ღირებულება, შესყიდვის ნორმალური ფასი სრული შენახვის შიფრი შტრიხკოდი ბოლო ოპერაციის თარიღი ეგზემპლარის მიმდევრობითი ნომერი (კეტერი?) ფასის ძალაში შესვლის თარიღი ეგზემპლარის სახეობა საჯარო შენიშვნა
          ბათუმის შოთა რუსთაველის სახელმწიფო უნივერსიტეტის მთავარი ბიბლიოთეკა ბათუმის შოთა რუსთაველის სახელმწიფო უნივერსიტეტის მთავარი ბიბლიოთეკა წიგნსაცავი 2018-12-17 3.75 629.113(73):338.22(73) ჰ-48 57085 2018-12-17 57085 2018-12-17 წიგნი 3.75 ₾.